International Yearbook of education (Record no. 3992)

MARC details
000 -LEADER
fixed length control field 00435nam a22001457a 4500
008 - FIXED-LENGTH DATA ELEMENTS--GENERAL INFORMATION
fixed length control field 230718b xxu||||| |||| 00| 0 eng d
020 ## - INTERNATIONAL STANDARD BOOK NUMBER
International Standard Book Number 9231026341
082 ## - DEWEY DECIMAL CLASSIFICATION NUMBER
Classification number 370
Item number SAY
100 ## - MAIN ENTRY--PERSONAL NAME
Titles and words associated with a name Raymond Sayegh
245 ## - TITLE STATEMENT
Title International Yearbook of education
Remainder of title The Diversification of post-secondary education in relation to E,ployment
Statement of responsibility, etc. Volume XLI-1989
260 ## - PUBLICATION, DISTRIBUTION, ETC. (IMPRINT)
Place of publication, distribution, etc. France
Name of publisher, distributor, etc. UNESCO
Date of publication, distribution, etc. 1990
300 ## - PHYSICAL DESCRIPTION
Extent 167p
440 ## - SERIES STATEMENT/ADDED ENTRY--TITLE
Volume/sequential designation XLI
942 ## - ADDED ENTRY ELEMENTS (KOHA)
Source of classification or shelving scheme Dewey Decimal Classification
Koha item type Books
Holdings
Withdrawn status Lost status Source of classification or shelving scheme Damaged status Not for loan Home library Current library Date acquired Total Checkouts Full call number Barcode Date last seen Price effective from Koha item type
    Dewey Decimal Classification     County Hall Archives County Hall Archives 07/18/2023   370 SAY 10000332 07/18/2023 07/18/2023 Books
LIBRARY OPENING HOURS

When the Parliament is sitting: 8.00a.m - 7.00p.m or until the house adjourns
Mondays and Fridays and when the House is on Recess:  8.00a.m - 5.00p.m
Closed on Weekends and Public Holidays

Online Public Access Catalog (OPAC)
Website: http://www.parliament.go.ke
Bunge Library: https://libraryir.parliament.go.ke
Contact: library@parliament.go.ke | Tel no: (254-2)2221291 or 2848000 Ext 5043